000
00215 a2200097 4500
001
30440
100
_a
Sanderlin
245
_a
College Reading
260
_a
London
_b
D C Health and Company
_c
090
_c
20385
_d
20385
942
_a
NUST-CAE
_c
M
_c
11542
999
_c
265513
_d
265513